LEADER 01808nam a2200301 u 4500 001 000000109484 003 CaOOAMICUS 005 20080206103347.0 008 080206s1914 it u000 u grc u 040 $aPUL(R)$bita$dBc 041 0 $agrc$aita 100 0 $aHomerus,$dsec. VIII a.C.$0(OLS)http://pul/name/7026 240 10$aOdyssea$lGreco.$0(OLS)http://pul/title/137724 245 13$aIl libro III dell'Odissea /$cOmero ; con note italiane del prof. Salvatore Rossi. 260 $aLivorno :$bRaffaello Giusti,$c1914. 300 $avi, 41 p. ;$c19 cm. 501 $aSta con: Il libro I dell'Odissea / Omero ; con note italiane del prof. Salvatore Rossi -- Il libro II dell'Odissea / Omero ; con note italiane del prof. Gaetano Gigli -- Il libro IV dell'Odissea / Omero ; con note italiane del prof. Gaetano Gigli -- Il libro V dell'Odissea / Omero ; con note italiane del prof. Salvatore Rossi -- Il libro VI dell'Odissea / Omero ; con note italiane del prof. Salvatore Rossi -- Il libro VII dell'Odissea / Omero ; con note italiane del prof. Salvatore Rossi -- Il libro VIII dell'Odissea / Omero ; con note italiane del prof. Salvatore Rossi . 700 1 $aRossi, Salvatore.$0(OLS)http://pul/name/37404 700 0 $aHomerus,$dsec. VIII a.C.$tOdyssea.$0(OLS)http://pul/nameTitle/271$0(OLS)http://pul/name/7026$0(OLS)http://pul/title/132000 850 $aPUL 852 $aPUL$W1$xDP1 Cons. Gen., Altre Classi 1$y22$m242 C 14.int.3$j125208$aLibro III$qStampati$B123938$CPULBib$Z2$F123938 $82 900 $aHomer$97026 900 $aOmero$dsec. VIII a.C.$97026 900 $aHomer$97026 900 $aOmero$dsec. VIII a.C.$97026 941 1 $a8 996 $6245$aIl libro III dell'Odissea$9(OLS)http://pul/title/137733 996 $6260$aLivorno :$bRaffaello Giusti$9(OLS)http://pul/publisher/72290 LEADER 00928naa a2200193 u 4500 001 000000095612 003 CaOOAMICUS 005 20070226130143.0 008 040709s1968 gw u000 u ger u 035 $a11003768 040 $aIAR$bita 100 1 $aHödl, Ludwig.$0(OLS)http://pul/name/9853 245 11$a"Lex et sacramentum" im scholastischen Verständnis des Weihesakramentes unter besonderer Berücksichtigung der Zeit Bonifaz' VIII. (1294-1303) /$cLudwig Hödl. 260 $aBerlin :$bDe Gruyter & Co.,$c1969. 300 $aS. 1-18, ;$c25 cm 773 0 $aLex et Sacramentum im Mittelalter. 773 0 $aWilpert, Paul.$tLex et sacramentum im Mittelalter$w()13840 996 $6245$a"Lex et sacramentum" im scholastischen Verständnis des Weihesakramentes unter besonderer Berücksichtigung der Zeit Bonifaz' VIII. (1294-1303)$9(OLS)http://pul/title/122488 996 $6260$aBerlin :$bDe Gruyter & Co.$9(OLS)http://pul/publisher/50107 LEADER 01170nam a2200253 u 4500 001 000000106151 003 CaOOAMICUS 005 20070709172833.0 008 070709s1979 it u000 u ita u 040 $aPUL$bita$dGP 245 10$aIndici degli atti dei Convegni romani sulla demitizzazione e l'ermeneutica :$b1961-1977 /$ca cura di Enrichetta Valenziani. 260 $aPadova :$bCEDAM,$c1979. 300 $a297 p. ;$c24 cm. 490 1 $aArchivio di filosofia ;$vanno [47], n. 1 (1979) 650 4$aDemitizzazione.$0(OLS)http://pul/subject/9809 650 4$aErmeneutica.$0(OLS)http://pul/subject/438 700 1 $aValenziani, Enrichetta.$0(OLS)http://pul/name/38086 830 0$aArchivio di filosofia (CEDAM).$0(OLS)http://pul/title/133675 850 $aPUL 852 $aPUL$W1$xSL Filosofia 1$y2$m97 L 47.1$j119209$qStampati$B119100$CPULBib$Z2$F119100 $H46965 $82 941 1 $a8 983 0$aArchivio di filosofia (Fabrizio Serra) 996 $6245$aIndici degli atti dei Convegni romani sulla demitizzazione e l'ermeneutica :$b1961-1977$9(OLS)http://pul/title/133688 996 $6260$aPadova :$bCEDAM$9(OLS)http://pul/publisher/48126